LEADER 01312nam a2200289 u 4500 001 000000111162 003 CaOOAMICUS 005 20080414125145.0 008 080414s2008 it a u000 u ita u 020 $z978-88-16-40812-8* 040 $aPUL$bita$dMCT 100 1 $aSalvarani, Renata.$0(OLS)http://pul/name/49950 245 13$aLa fortuna del Santo Sepolcro nel Medioevo :$bspazio, liturgia, architettura /$cRenata Salvarani. 260 $aMilano :$bJaca Book,$c2008. 300 $a202 p. :$bill. ;$c23 cm. 490 1 $aDi fronte e attraverso ;$v812 490 1 $aBiblioteca di cultura medievale 504 $aInclude riferimenti bibliografici. 651 4$aGerusalemme$xSanto Sepolcro.$0(OLS)http://pul/subject/34306 830 0$aDi fronte e attraverso ;$v812.$0(OLS)http://pul/title/138 830 0$aBiblioteca di cultura medievale.$0(OLS)http://pul/title/2253 850 $aPUL 852 $aPUL$W1$xSL Religione 3$y85$m232. 96 SALRE 1$j127444$qDDC 21$B126141$CPULBib$Z2$F126141 $H106998 $82 941 1 $a9 996 $6020$z978-88-16-40812-8*$9(OLS)http://pul/number/137703 996 $6245$aLa fortuna del Santo Sepolcro nel Medioevo :$bspazio, liturgia, architettura$9(OLS)http://pul/title/139762 996 $6260$aMilano :$bJaca Book$9(OLS)http://pul/publisher/47900 LEADER 01807nam a2200337 u 4500 001 000000115803 003 CaOOAMICUS 005 20090522152438.0 008 090522s2007 dcu u000 u eng r 020 $z1-56518-243-1* 020 $z978-1-56518-243-1* 040 $aPUL$bita$dLDB 245 00$aDialogue of philosophies, religions and civilizations in the era of globalization /$cedited by Zhao Dunhua. 260 $aWashington, D.C. :$bCouncil for research in values philosophy ;$a[s.l.] :$bDepartment of Philosophy, Peking University,$cc2007. 300 $axii, 326 p. ;$c23 cm. 490 1 $aCultural heritage and contemporary change.$a3, Asia ;$v25 490 1 $aChinese philosophical studies ;$v25 504 $aInclude riferimenti bibliografici. 650 4$aFilosofia comparata.$0(OLS)http://pul/subject/26469 650 4$aFilosofia$ySec. XX$vCongressi.$0(OLS)http://pul/subject/20336 700 1 $aDunhua, Zhao.$0(OLS)http://pul/name/71836 830 0$aChinese philosophical studies ;$v25.$0(OLS)http://pul/title/145513 830 0$aCultural heritage and contemporary change.$n3,$pAsia ;$v25.$0(OLS)http://pul/title/145514 850 $aPUL 852 $aPUL$W1$xDP2 Filosofia 3$y112$m100 RVP 3.25$j132697$qDDC 21$B131693$CPULBib$Z2$F131693 $H110564 $82 941 1 $a9 996 $6020$z1-56518-243-1*$9(OLS)http://pul/number/140787 996 $6020$z978-1-56518-243-1*$9(OLS)http://pul/number/140788 996 $6245$aDialogue of philosophies, religions and civilizations in the era of globalization$9(OLS)http://pul/title/145515 996 $6260$aWashington, D.C. :$bCouncil for research in values philosophy$9(OLS)http://pul/publisher/80095 996 $6260$a[s.l.] :$bDepartment of Philosophy, Peking University$9(OLS)http://pul/publisher/80338